00694nam a2200241 a 4500001001300000003000900013005001700022008004100039020000800080082001600088100001900104245006300123260002900186300000900215500003500224505001000259650002200269700001900291902000800310942000700318952011200325999001500437nice12345678IN_TiNIC20260116011633.0050524s1959 lona grp 000 0 eng  ac000a269.2bROB1 aRobertson, E H aTomorrow Is a Holidayb Record of a South American Journey aLondonbScm Press c1959 a128p aincludes index and biblioraphy2 aIndex aEvangelistic Work1 aRobertson, E H bSRS cBK 001040708StackRoom-aHMIbHMId2005-05-24g0.00l0o269.2 ROB1p05481r2005-05-24v0.00w2005-05-24yBK c3030d3030